000
00307nam a22001457a 4500
008
210310b ||||| |||| 00| 0 eng d
020
_a
9780079099754
041
_a
eng
080
_a
62
082
_a
62
100
_a
26
101
_a
MEK
245
_a
Finite Elements 123
_c
Baker, A.J
942
_2
udc
_c
BK
999
_c
56176
_d
56176